000 00426nam a2200181Ia 4500
001 21074
005 20260306172852.0
008 260306t2008||||xx |||||||||||||| ||spa||
041 _aESP
082 _a344
_bM29
100 _aNino, Carlos Santiago,
_eAUT
245 0 _aFundamentos de derecho penal
260 _c2008
300 _a303 páginas :
_c22 cm.
650 _aGEN
654 _aCDE
942 _cLIB
_dJUS
_fJUS
_2ddc
_n
999 _c21074
_d21074